Home journal : colours for living.
| Format: | Book |
|---|---|
| Published: |
Hong Kong:
Gloucester,
1995.
|
| Subjects: |
| LEADER | 00477cam a2200157 7i4500 | ||
|---|---|---|---|
| 001 | 0000004543 | ||
| 005 | 19991025090000.0 | ||
| 002 | ##000006043 | ||
| 020 | 0 | 0 | |a 962-7093-31-9 |
| 090 | 0 | 0 | |a DE 747 |b HOM |
| 245 | 1 | 0 | |a Home journal : |b colours for living. |
| 260 | 0 | 0 | |a Hong Kong: |b Gloucester, |c 1995. |
| 300 | 0 | 0 | |a 240 p.. |
| 650 | 0 | 0 | |a Designs -- |x Interior decorations |
| 650 | 0 | 0 | |a Designs -- |x Colours -- |x Interior decorations |
| 999 | |a 0000006524 |b Book |c Open shelf |e Business Information Centre | ||


